Culture Générale - Série 1475 - Statistiques

Statistiques générales
  • Ce quiz a été pris 131 fois
  • Le résultat moyen est 5 sur 10
Statistiques - réponses
Question Réponse % Correct
Qu'est-ce qui peut être "folique", "aminé", "ascorbique" ou "gras" ? acide
92%
Quel État membre de l'Union européenne est à la fois voisin de la Lituanie et de l'Estonie ? Lettonie
88%
En 2007, quel Brasseur partage l'affiche de la pièce de Sacha Guitry "Mon père avait raison", avec son fils Alexandre ? Claude Brasseur
85%
Qui a interprété le commissaire Navarro pour le petit écran ? Roger Hanin
62%
Quelle actrice est la fille de Josiane Balasko ? Marilou Berry
58%
De quelle ville du Var les Dracénois sont-ils les habitants ? Draguignan
53%
Quel mot anglais désigne un poulain pur-sang âgé d'un an ? yearling
27%
Conjuguez le verbe "acquérir" à la 1re personne du singulier à l'imparfait du subjonctif. que j'acquisse
19%
Quel héros de BD, créé par Rosinski et Van Hamme, doit son nom de famille à Aegir, le dieu viking de la Mer ? Thorgal
19%
En 1974, les jeunes français découvrent à la télévision un vieux monsieur totalement myope, héros d'un dessin animé intitulé Mister... Magoo
18%
Aucun quiz correspondant
Distribution des résultats
% des personnes avec chaque résultat
Percentile par nombre de réponses
Votre historique - résultats
Vous n’avez pas pris ce quiz